Vývoj na trhoch s finančnými derivátmi

Finančné deriváty zažili v posledných dvadsiatich rokoch obrovský rozmach, najväčší zo všetkých finančných trhov. V kontexte so svetovou finančnou krízou v rokoch 2007 až 2009 však získali zlú povesť. Veľká časť širokej, ale aj časť odbornej verejnosti ich považuje za hlavnú príčinu krízy. V súčasno...

Descrizione completa

Salvato in:
Dettagli Bibliografici
Autore principale: Lazový, Juraj
Natura: Capitolo di libro
Lingua:slovacco
Soggetti:
Tags: Aggiungi Tag
Nessun Tag, puoi essere il primo ad aggiungerne!!

MARC

LEADER 00000naa a2200000 4500
001 0163851
005 20231116091650.6
041 0 |a slo 
044 |a SK 
245 1 0 |a Vývoj na trhoch s finančnými derivátmi  |c Juraj Lazový 
520 |a Finančné deriváty zažili v posledných dvadsiatich rokoch obrovský rozmach, najväčší zo všetkých finančných trhov. V kontexte so svetovou finančnou krízou v rokoch 2007 až 2009 však získali zlú povesť. Veľká časť širokej, ale aj časť odbornej verejnosti ich považuje za hlavnú príčinu krízy. V súčasnosti v odbornej verejnosti prevláda názor, že finančné deriváty neboli priamo príčinou vzniku krízy, ale ich nesprávne používanie a nízka transparentnosť najmä na trhu mimoburzových derivátov pôsobili ako katalyzátor na urýchlenie a prehĺbenie krízy. Analýza vývoja na trhoch s finančnými derivátmi v časovom kontexte, ako aj vysvetlenie a spresnie niektorých pojmov a tvrdení, ktoré sa v súvislosti s týmito finančnými nástrojmi a krízou niekedy nesprávne interpretujú. 
610 2 0 |a kríza finančná 
610 2 0 |a trh finančný 
610 2 0 |a deriváty 
610 2 0 |a obchody burzové 
610 2 0 |a nástroje finančné 
100 1 |a Lazový, Juraj